| 000 | 00854cam a22002531 4500 | ||
|---|---|---|---|
| 001 | sa 68012298 | ||
| 003 | DLC | ||
| 005 | 20260227112608.0 | ||
| 008 | 900220s1955 ii 000 0 arar | ||
| 010 | _asa 68012298 | ||
| 035 | _a(OCoLC)21097663 | ||
| 040 |
_aDLC _cWaU _dDLC |
||
| 042 | _apremarc | ||
| 050 | 0 | 0 |
_aBP135.A2 _bK39 1955 |
| 100 | 2 |
_aKhaṭīb al-Tibrīzī, Muḥammad ibn ʻAbd Allāh, _dactive 1337. |
|
| 245 | 1 | 0 | _aMishkāt al-Maṣābīḥ. |
| 260 | _c1375 [1955 or 6] | ||
| 300 |
_a628 p. _c37 cm. |
||
| 500 | _aBinder's title: Mihskāt al-Maṣābīh [by] Muḥammad ibn ʻAbd Allah al-Khaṭīb al-Tibrīzī. | ||
| 500 | _aA commentary on the hadith collected by al-Baghawī. | ||
| 500 | _aReproduced from MS. copy. | ||
| 600 | 1 | 0 |
_aBaghawī, al-Ḥusayn ibn Masʻūd, _d-1117? _tMaṣābīḥ al-sunnah. |
| 650 | 0 | _aHadith. | |
| 999 |
_c84437 _d84437 |
||